• 首页
  • 本馆介绍
  • 公告通知
  • 最新文献
  • 馆藏检索
  • 电子资源
  • 读者导购
  • 参考咨询
  • 我的图书馆
  • 登录
  • 详细信息显示
  • 放入我的书架
  • 预约/预借图书
  • 作者相关作品
  • 分类相关作品
  • 丛书相关作品
  • 出版社相关作品

书目信息

  • 表格格式
  • 工作单格式
  • 卡片格式
题名:
现代管理心理学
    
 
作者: 程正方 编著
分册:  
出版信息: 北京   北京师范大学出版社  1996
页数: 556页
开本: 20cm
丛书名:
单 册:
中图分类: C93-05 , B849
科图分类: 29.154038
主题词: 管理心理学 , 应用心理学
电子资源:
ISBN: 7-303-01107-2
000 00663nam0 2200253 45
001 1533987721
005 20150128111252.10
010    @a7-303-01107-2@dCNY18.25
100    @a19970320d1996 em y0chiy0120 ea
101 0  @achi
102    @aCN@b110000
105    @ay z 000yy
200 10 @a现代管理心理学@Axian dai guan li xin li xue@f程正方编著
205    @a修订本
210    @a北京@c北京师范大学出版社@d1996
215    @a556页@d20cm
606    @a管理心理学
606 0  @a应用心理学
690    @aC93-05@v3
690    @aB849@v4
692    @a29.154038@v2
701  0 @a程正方@Acheng zheng fang@4编著
801  0 @aCN@bTSSF@c20150128
905    @aZUCC@dB849@eJY9=2
    
    现代管理心理学/程正方编著.-修订本.-北京:北京师范大学出版社,1996
    556页;20cm
    
    
    ISBN 7-303-01107-2:CNY18.25
    
●
相关链接 在E读中查询图书 在五车中查询图书 在当当中查询图书 在豆瓣中查询图书


正题名:现代管理心理学     索取号:B849/JY9=2         预约/预借

序号 登录号 条形码 馆藏地/架位号 状态 备注
1 7845984   278459847   学院路分馆/ [索取号:B849/JY9=2] 在馆    
唐山师范学院图书馆 欢迎您!
大连网信软件有限公司© 版权所有